000 00507nam a2200193 a 4500
001 1763468106013
003 ACL
005 20251118174946.0
008 251118s2008##################000#0#eng##
020 _a9780819473578
082 0 4 _a621.36780951
_bTON
100 1 _aTong, Qingxi,
_eauthor.
245 1 0 _aRemote Sensing of the Environment :
260 _bSociety of Photo Optical,
_c2008.
300 _a346 pages
650 0 _aTechnology & Engineering.
942 _cENGLISH
040 _aACL
_beng
_cACL
999 _c598086
_d598086